| 000 | 01205nam a2200313 a 4500 | ||
|---|---|---|---|
| 001 | 000013439 | ||
| 003 | BNPHU | ||
| 005 | 20260326131827.0 | ||
| 008 | 091124s1994 dr ac 000 0 spa d | ||
| 040 |
_aDO-SdBNP _bspa _cBNPHU |
||
| 049 | _aBNPD | ||
| 082 |
_a332.673227293 _bB458t, 1994 |
||
| 100 | 1 |
_aBendek, Frank, _d1946- _97303 |
|
| 245 | 1 | 0 |
_aTodo lo que usted debe saber para invertir en la República Dominicana / _cFrank Bendek. |
| 250 | _a2ª ed. | ||
| 260 |
_aSanto Domingo : _bCorripio, _c1994. |
||
| 300 |
_axxviii, 798 p. : _bil, gráfcs.,retr. ; _c22 cm. |
||
| 500 | _aIncluye datos biográficos del autor. | ||
| 504 | _aBibliografía: p. 797-798 | ||
| 590 | _aInventariado, 2018/MFF | ||
| 650 | 7 |
_aInversiones extranjeras _xLeyes y legislación _zRepública Dominicana _948296 _2LIBRUNAM |
|
| 650 | 0 |
_aSociedades anónimas _xLeyes y legislación _zRepública Dominicana _930698 _2LIBRUNAM |
|
| 650 | 0 |
_aLetras de cambio _zRepública Dominicana _956873 |
|
| 650 | 0 |
_a Bolsa de valores _zRepública Dominicana _956872 |
|
| 650 | 4 |
_aLegislación laboral _916517 |
|
| 650 | 4 |
_aRegulación del comercio exterior _98571 |
|
| 910 | _aValidado. Control de calidad EMS | ||
| 942 |
_2ddc _cLBS1 |
||
| 999 |
_c13065 _d13065 |
||